000 00390 a2200169 4500
001 61505
020 _a9788508153923
040 _cAnchieta - Pituba
100 _aKass, Mallory
240 1 0 _aO livro negro da família Cachill
_lpor
245 1 0 _aO livro negro da família Cachill
300 _a177
362 0 _a2011
440 1 _aÁtica
650 4 _aLiteratura juvenil
942 _cBK
999 _c61505
_d61505